000 01268nam a22002415i 4500
001 160422
003 ES-MaACL
005 20231221150408.0
008 990506s1877 sp a |||| | spa d
100 1 _aMuro, Gaspar.
_9130296
245 1 0 _aVida de la Princesa de Éboli /
_cpor Don Gaspar Muro ; con una carta por vía de prólogo del Excmo. Sr. D. Antonio Cánovas del Castillo ; obra ilustrada con notas, documentos inéditos, el retrato de la Princesa de Éboli, grabados y facsímiles.
260 _aMadrid :
_bLibrería de Don Mariano Murillo,
_c1877 (
_fImp., Estereotipia y Galvanoplastia de Aribau y Cª)
300 _aLXIII, 267, 226, 55 p., [4] h. de lám., [3] h. de facs. ;
_c22 cm.
500 _aApéndice documental.
510 4 _aPalau,
_ct. X, 186258
530 _aDisponible en formato digital.
599 _aLám.: lit., retr. de la Princesa de Éboli y vistas de: Torre del Pinto, Palacio de Pastrana y Fortaleza de Santorcaz.
600 1 4 _aÉboli, Ana Mendoza de la Cerda
_cPrincesa de.
_9158067
700 1 _aCánovas del Castillo, Antonio,
_d1828-1897
_934600
852 _aES-MaACL
_jC-833
_z- Enc. hol.
856 _uhttp://bdh-rd.bne.es/viewer.vm?id=0000048608&page=1
_zBiblioteca Digital Hispánica
999 _c160422
_d160422